000 00569nam a2200205 a 4500
005 20240925064300.0
008 991125s1979 mad 000 0 spa u
020 _a8471121247
035 _aUPN01000050118
049 _aCG
050 4 _aBF721
_bT8.68
100 1 _aTucker, Nicholas
245 1 1 _a¿Qué es un niño? /
_cNicholas Tucker ; tr. Fausto Ezcurra.
260 _aMadrid :
_bMorata,
_c1979.
300 _a176 p.
440 3 _aEl desarrollo en el niño ;
_v2.
_pPsicología.
440 0 _aSeie Bruner
650 4 _aNiño, Estudio del
_9221
905 _aLibro
999 _c50118
_d50118